Faculty of Law Library — Cairo University

Official Online Catalog

قانون الإجراءات الجنائية : (Record no. 45814)

MARC details
000 -LEADER
fixed length control field 01267nam a2200313 i 4500
003 - CONTROL NUMBER IDENTIFIER
control field EG-GICUC
005 - DATE AND TIME OF LATEST TRANSACTION
control field 20260121101341.0
008 - FIXED-LENGTH DATA ELEMENTS--GENERAL INFORMATION
fixed length control field 251124s2005 us ||||fr|||| 001 0 ara d
040 ## - CATALOGING SOURCE
Original cataloging agency EG-GICUC
Language of cataloging ara
Transcribing agency EG-GICUC
Modifying agency EG-GICUC
Description conventions rda
041 ## - LANGUAGE CODE
Language code of text/sound track or separate title ara
082 04 - DEWEY DECIMAL CLASSIFICATION NUMBER
Classification number 343.37
Item number م أ . ق
Edition number 21
092 04 - LOCALLY ASSIGNED DEWEY CALL NUMBER (OCLC)
Edition number 21
099 ## - LOCAL FREE-TEXT CALL NUMBER (OCLC)
Classification number Law1 10 343.37 م أ . ق 2 ed - 2005 1004597
100 0# - MAIN ENTRY--PERSONAL NAME
Personal name مأمون محمد سلامة.
Relator term مؤلف.
245 10 - TITLE STATEMENT
Title قانون الإجراءات الجنائية :
Remainder of title معلقا عليه بالفقه وأحكام النقض.
Number of part/section of a work الجزء الثاني /
Statement of responsibility, etc. الدكتور مأمون محمد سلامة.
250 ## - EDITION STATEMENT
Edition statement الطبعة الثانية،
264 #1 - PRODUCTION, PUBLICATION, DISTRIBUTION, MANUFACTURE, AND COPYRIGHT NOTICE
Place of production, publication, distribution, manufacture القاهرة :
Name of producer, publisher, distributor, manufacturer مأمون محمد سلامة،
Date of production, publication, distribution, manufacture, or copyright notice 2005.
300 ## - PHYSICAL DESCRIPTION
Extent 1720 صفحة ؛
Dimensions 24 سم.
Other physical details إيضاحيات، صور، مثيليات ؛
336 ## - CONTENT TYPE
Source rda content
Content type term text
337 ## - MEDIA TYPE
Source rda media
Media type term Computer
338 ## - CARRIER TYPE
Source rda carrier
Carrier type term Online Resource
504 ## - BIBLIOGRAPHY, ETC. NOTE
Bibliography, etc. note يشتمل على ارجاعات ببليوجرافية.
546 ## - LANGUAGE NOTE
Language note النص باللغة العربية
650 1# - SUBJECT ADDED ENTRY--TOPICAL TERM
Topical term or geographic name entry element المحاكمة الجنائية.
Source of heading or term qrmak
651 1# - SUBJECT ADDED ENTRY--GEOGRAPHIC NAME
Source of heading or term qrmak
856 40 - ELECTRONIC LOCATION AND ACCESS
Uniform Resource Identifier <a href="https://fll.law.cu.edu.eg/fulltext/bks/B10-04597.pdf">https://fll.law.cu.edu.eg/fulltext/bks/B10-04597.pdf</a>
905 ## - Cataloger and Reviser Names
Cataloger Name: Ramy
942 ## - ADDED ENTRY ELEMENTS (KOHA)
Source of classification or shelving scheme Dewey Decimal Classification
Suppress in OPAC No
Koha item type Books
Edition 21
Holdings
Withdrawn status Lost status Source of classification or shelving scheme Damaged status Not for loan Collection Home library Current library Date acquired Total checkouts Full call number Barcode Date last seen Copy number Price effective from Koha item type Materials specified (bound volume or other part)
    Dewey Decimal Classification   Not for loan القانون الجنائي جــــامعة القــاهرة مكتبة كلية الحقوق - المبنى الرئيسي 24.11.2025   Law1 10 343.37 م أ . ق 2 ed - 2005 1004597 C1 B10-04597 24.11.2025 1 24.11.2025 Books  
    Dewey Decimal Classification     القانون الجنائي جــــامعة القــاهرة مكتبة كلية الحقوق - المبنى الرئيسي 13.05.2026   Law1 10 343.37 م أ . ق 2 ed - 2005 1012275 V2, C2 B10-12275 13.05.2026 2 13.05.2026 Books V2

© All rights reserved — Faculty of Law, Cairo University